000 00367nam a2200157Ia 4500
100 _aDalal/M.K.
650 _aElectrical Engineering
942 _cBK
654 _aElectrical engg
245 _aExperiments & practical work in electrical engg.
260 _bK.N.Gokli
_aBombay
_c1965
082 _a621.3
_bDal
300 _a401
546 _aENGLISH
999 _c22290
_d22290